Länder mit den meisten Nachbarländern - Statistiken

Allgemein
  • Dieses Quiz wurde 155 mal gespielt
  • Das Durchschnittsergebnis liegt bei 12 aus 20
Antwortstatistiken
Anzahl Nachbarländer Land % Korrekt
14 Russland
98%
9 Deutschland
93%
14 China
91%
8 Frankreich
76%
10 Brasilien
74%
8 Österreich
68%
7 Polen
63%
8 Serbien
62%
7 Ungarn
61%
7 Iran
58%
8 Türkei
57%
7 Ukraine
55%
7 Niger
51%
7 Saudi-Arabien
51%
7 Sudan
44%
7 Mali
41%
7 Algerien
33%
8 Tansania
29%
8 Sambia
27%
9 Demokratische Republik Kongo
23%
Keine übereinstimmenden Quizze gefunden
Verteilung der Resultate
Anzahl Personen mit jedem Resultat
Perzentil nach korrekt beantworteten Fragen
Ihre Resultats-Entwicklung
Sie haben dieses Quiz noch nicht gespielt